La poda de los árboles forestales /

Guardado en:
Autor Principal: Montoya Oliver, José Miguel
Formato: Libro
Publicado: Madrid : Mundi-prensa, 1993
Edición:2a. ed.
Materias:
Etiquetas: Agregar Etiqueta
Sin Etiquetas, Sea el primero en etiquetar este registro!
LEADER 00563nam a22001935a 4500
001 CEM.cems016748
005 20100602160421.0
008 130507s1993##################000#0#####d
003 CEMS
082 0 4 |a 634.95 
100 1 |a Montoya Oliver, José Miguel 
245 1 0 |a La poda de los árboles forestales /  |c Jose Miguel Montoya Oliver, 
250 |a 2a. ed. 
260 |a Madrid :  |b Mundi-prensa,  |c 1993 
300 |a 70 p. 
653 |a árboles forestales-poda 
653 |a Poda-árboles 
653 |a Poda 
859 |a CEMS  |b BIB. CEMS - Agricultura  |h 634.95  |i M768  |p A18748.95  |t Ej.1